Statistiken für Inseln nach Bild

Klicken Sie hier um das Quiz zu spielen!

Allgemein

  • Dieses Quiz wurde 4.976 mal gespielt
  • Das Durchschnittsergebnis liegt bei 9 aus 18

Antwortstatistiken

Antwort% Korrekt
Jamaika
93%
Osterinsel
89%
Madagaskar
72%
Großbritannien
66%
Kuba
66%
Manhattan
64%
Irland
60%
Alcatraz
58%
Taiwan
57%
Singapur
55%
Tasmanien
55%
Hawai'i
45%
Hongkong
35%
Honshu
30%
Bali
25%
Neuguinea
16%
Hispaniola
12%
Sokotra
7%

Verteilung der Resultate

Perzentil nach korrekt beantworteten Fragen

Anzahl Personen mit jedem Resultat

Ihre Resultats-Entwicklung

Sie haben dieses Quiz noch nicht gespielt